[Event "FIDE WSTC Open 50 2025"]
[Site "Prague"]
[Date "2025.02.26"]
[Round "9.10"]
[White "Kotsur, Pavel"]
[Black "Conquest, Stuart C"]
[Result "1-0"]
[Annotator "TA"]
[WhiteElo "2478"]
[BlackElo "2513"]
[PlyCount "149"]
[EventDate "2025.02.17"]
[EventType "team-tourn"]
[EventCountry "CZE"]
[SourceTitle "playchess.com"]
[Source "ChessBase"]
[SourceQuality "1"]

1. e4 e5 2. Nf3 Nc6 3. Bc4 Nf6 4. d3 h6 5. c3 d6 6. Nbd2 g6 7. O-O Bg7 8. a4 O-O 9. Re1 Bd7 10. Nf1 Nh5 11. h3 Kh7 12. d4 Qc8 13. Be3 b6 14. Qe2 Ne7 15. Bd2 a5 16. Bb5 Be6 17. Qd1 Qb7 18. N1h2 Rad8 19. Qc1 c6 20. Bd3 c5 21. d5 Nxd5 22. exd5 Bxd5 23. Be2 f5 24. Rd1 Nf6 25. c4 Bc6 26. Bc3 Ne4 27. Be1 Qe7 28. b3 Rde8 29. Ra2 h5 30. Nd2 Ng5 31. Nb1 Ne6 32. Nc3 Nd4 33. Rb2 e4 34. Nd5 Qe5 35. Nc3 Rf7 36. Bf1 f4 37. Qb1 Qg5 38. Kh1 Rf5 39. Ra2 Kh8 40. Ne2 Be5 41. Bc3 Qf6 42. Qb2 Nf3 43. Bxe5 Nxe5 44. Nc3 Kh7 45. Re1 e3 46. fxe3 fxe3 47. Nd1 Rf8 48. Nxe3 Rf4 49. Nd5 Qh4 50. Qc1 Bxd5 51. cxd5 Qg3 52. Rb2 Rd4 53. Rd1 Re4 54. Bb5 Rff4 55. Nf1 Qg5 56. g3 Nf3 57. Rg2 Rf7 58. Qxg5 Nxg5 59. h4 Nf3 60. Rf2 Kg7 61. Bd3 Re5 62. Be2 Nxh4 63. Rxf7+ Kxf7 64. Rd2 Nf5 65. Kg2 Nd4 66. Bc4 g5 67. Rf2+ Kg7 68. Rd2 g4 69. Rf2 Re1 70. Nd2 Re3 71. Rf4 Nc2 72. Kf2 Re5 73. Ne4 Nb4 74. Nxd6 Nxd5 75. Rf5 1-0

[Event "FIDE WSTC Open 50 2025"]
[Site "Prague"]
[Date "2025.02.26"]
[Round "9.11"]
[White "Wells, Peter K"]
[Black "Temirbayev, Serikbay"]
[Result "0-1"]
[Annotator "TA"]
[WhiteElo "2358"]
[BlackElo "2372"]
[PlyCount "76"]
[EventDate "2025.02.17"]
[EventType "team-tourn"]
[EventCountry "CZE"]
[SourceTitle "playchess.com"]
[Source "ChessBase"]
[SourceQuality "1"]

1. e4 e6 2. d4 d5 3. Nd2 Nf6 4. e5 Nfd7 5. c3 c5 6. Bd3 Nc6 7. Ne2 cxd4 8. cxd4 f6 9. exf6 Nxf6 10. O-O Bd6 11. Nf3 Qc7 12. h3 O-O 13. Bd2 e5 14. dxe5 Nxe5 15. Nxe5 Bxe5 16. Rc1 Qf7 17. Bc3 Bd6 18. Qb3 Ne4 19. Bb4 Bxb4 20. Qxb4 b6 21. Nc3 Nc5 22. Qd4 Bb7 23. Rce1 Qf6 24. Qxf6 Rxf6 25. Re7 Kf8 26. Rc7 d4 27. Ne2 Bxg2 28. Kxg2 Nxd3 29. Nxd4 Rd8 30. Nf3 Nf4+ 31. Kg3 Rd3 32. Rc8+ Kf7 33. Rc7+ Kg6 34. Rg1 Kh6 35. Kh2 Rxf3 36. Rgxg7 Rxf2+ 37. Kh1 Nh5 38. Rxh7+ Kg6 0-1

[Event "FIDE WSTC Open 50 2025"]
[Site "Prague"]
[Date "2025.02.26"]
[Round "9.12"]
[White "Tikzhanov, Yerlan"]
[Black "Emms, John M"]
[Result "0-1"]
[Annotator "TA"]
[WhiteElo "2323"]
[BlackElo "2409"]
[PlyCount "130"]
[EventDate "2025.02.17"]
[EventType "team-tourn"]
[EventCountry "CZE"]
[SourceTitle "playchess.com"]
[Source "ChessBase"]
[SourceQuality "1"]

1. e4 c5 2. Nf3 e6 3. c3 d5 4. exd5 Qxd5 5. d4 Nf6 6. Be2 cxd4 7. cxd4 Nc6 8. Nc3 Qd6 9. O-O Be7 10. a3 O-O 11. h3 a6 12. Bd3 b5 13. Be3 Bb7 14. Qe2 Rac8 15. Rac1 Rfd8 16. Rfd1 h6 17. b4 Nb8 18. Ne5 Nbd7 19. f4 Nb6 20. f5 Nbd5 21. Nxd5 Qxd5 22. Bb1 Qd6 23. Rxc8 Rxc8 24. Bf4 Qb6 25. Kh2 Rd8 26. Ng4 Nxg4+ 27. Qxg4 exf5 28. Qxf5 g6 29. Qd3 Bf6 30. Be3 Qd6+ 31. Kg1 Qg3 32. Rd2 Re8 33. Re2 Be4 34. Qd1 Bxb1 35. Bf2 Qb8 36. Rxe8+ Qxe8 37. Qxb1 Qe6 38. Qc1 Kg7 39. Qc5 Be7 40. Qc7 Bf6 41. Qc5 Qb3 42. d5 Qd1+ 43. Kh2 Be5+ 44. g3 g5 45. Kg2 h5 46. Kh2 h4 47. Kg2 hxg3 48. Bxg3 Bd4 49. Qe7 Qc2+ 50. Kf1 Qf5+ 51. Ke2 Qxd5 52. Qc7 Qe4+ 53. Kd2 Qe3+ 54. Kd1 Qd3+ 55. Ke1 Qc3+ 56. Qxc3 Bxc3+ 57. Kd1 f5 58. Kc2 Bd4 59. Kd3 Bb2 60. Kc2 Bxa3 61. Be1 Kg6 62. Bd2 f4 63. Kb3 f3 64. Be1 Bc1 65. Kc2 Be3 0-1

[Event "FIDE WSTC Open 50 2025"]
[Site "Prague"]
[Date "2025.02.26"]
[Round "9.13"]
[White "Hjartarson, Johann"]
[Black "Ftacnik, Lubomir"]
[Result "1/2-1/2"]
[Annotator "TA"]
[WhiteElo "2464"]
[BlackElo "2438"]
[PlyCount "68"]
[EventDate "2025.02.17"]
[EventType "team-tourn"]
[EventCountry "CZE"]
[SourceTitle "playchess.com"]
[Source "ChessBase"]
[SourceQuality "1"]

1. e4 c5 2. Nf3 d6 3. d4 cxd4 4. Nxd4 Nf6 5. Nc3 a6 6. Be2 e6 7. O-O Be7 8. f4 Qc7 9. a4 Nc6 10. Be3 O-O 11. Kh1 Re8 12. Bf3 Nxd4 13. Qxd4 e5 14. Qd2 exf4 15. Bxf4 Be6 16. Rfd1 Rad8 17. Qf2 Nd7 18. Nd5 Bxd5 19. Rxd5 Nb6 20. Rdd1 Bf6 21. c3 Nc4 22. b3 Ne5 23. Rac1 Qc6 24. Rd5 Nxf3 25. gxf3 Be5 26. Qd2 Qb6 27. b4 Rc8 28. a5 Bxf4 29. Qxf4 Qf2 30. Rdd1 Re6 31. Rf1 Qe2 32. Rfe1 Qf2 33. Rf1 Qe2 34. Rfe1 Qf2 1/2-1/2

[Event "FIDE WSTC Open 50 2025"]
[Site "Prague"]
[Date "2025.02.26"]
[Round "9.15"]
[White "Thorhallsson, Throstur"]
[Black "Lipka, Juraj"]
[Result "1/2-1/2"]
[Annotator "TA"]
[WhiteElo "2394"]
[BlackElo "2348"]
[PlyCount "48"]
[EventDate "2025.02.17"]
[EventType "team-tourn"]
[EventCountry "CZE"]
[SourceTitle "playchess.com"]
[Source "ChessBase"]
[SourceQuality "1"]

1. e4 e6 2. d4 d5 3. Nd2 c5 4. exd5 exd5 5. Bb5+ Nc6 6. Ngf3 Bd6 7. dxc5 Bxc5 8. O-O Nge7 9. Nb3 Bd6 10. Re1 O-O 11. Bd3 h6 12. h3 Bf5 13. c3 Bg6 14. Be3 Bh5 15. Be2 Re8 16. Nfd4 Bg6 17. Bd3 Bxd3 18. Qxd3 Ne5 19. Qc2 Nc4 20. Rad1 Qd7 21. Nd2 Rad8 22. Qb3 Nxe3 23. Rxe3 Nc6 24. Rxe8+ Rxe8 1/2-1/2

[Event "FIDE WSTC Open 50 2025"]
[Site "Prague"]
[Date "2025.02.26"]
[Round "9.16"]
[White "Motuz, Karol"]
[Black "Olafsson, Helgi"]
[Result "1/2-1/2"]
[Annotator "TA"]
[WhiteElo "2293"]
[BlackElo "2466"]
[PlyCount "30"]
[EventDate "2025.02.17"]
[EventType "team-tourn"]
[EventCountry "CZE"]
[SourceTitle "playchess.com"]
[Source "ChessBase"]
[SourceQuality "1"]

1. d4 Nf6 2. c4 e6 3. Nf3 b6 4. g3 Be7 5. Bg2 c6 6. O-O O-O 7. Nc3 d5 8. Bf4 Bb7 9. Ne5 Nfd7 10. Nxd7 Nxd7 11. cxd5 exd5 12. e4 dxe4 13. Nxe4 Nf6 14. Nxf6+ Bxf6 15. Be5 Bxe5 1/2-1/2

[Event "FIDE WSTC Open 50 2025"]
[Site "Prague"]
[Date "2025.02.26"]
[Round "9.17"]
[White "Gronn, Atle"]
[Black "Svensson, Bengt"]
[Result "1/2-1/2"]
[Annotator "TA"]
[WhiteElo "2366"]
[BlackElo "2297"]
[PlyCount "117"]
[EventDate "2025.02.17"]
[EventType "team-tourn"]
[EventCountry "CZE"]
[SourceTitle "playchess.com"]
[Source "ChessBase"]
[SourceQuality "1"]

1. Nf3 c5 2. g3 Nc6 3. Bg2 d5 4. d4 Nf6 5. O-O e6 6. c4 Be7 7. dxc5 Bxc5 8. Nbd2 O-O 9. Nb3 Be7 10. cxd5 exd5 11. Be3 Bg4 12. Rc1 Re8 13. Nc5 Bxc5 14. Rxc5 Qe7 15. Rc2 Bf5 16. Rd2 Be4 17. Qa4 a6 18. Rc1 Ng4 19. Bb6 Nge5 20. Nxe5 Qxe5 21. f3 Bg6 22. f4 Qf6 23. Bxd5 Rac8 24. Rcd1 h5 25. Bf2 Bf5 26. e4 Bg4 27. Re1 Bh3 28. e5 Qg6 29. Qe4 Bf5 30. Qf3 Red8 31. Qe3 Nb4 32. Bb3 Nc2 33. Rxd8+ Rxd8 34. Qb6 Qxb6 35. Bxb6 Rd2 36. Rc1 h4 37. gxh4 Be4 38. Bf2 Bf5 39. Bb6 Be4 40. Bf2 Bf5 41. h3 b5 42. h5 a5 43. Bxc2 Rxc2 44. Rxc2 Bxc2 45. Bb6 a4 46. Bc5 Bd1 47. h6 gxh6 48. f5 Bc2 49. f6 Bb1 50. a3 Bf5 51. h4 h5 52. Kf2 Kh7 53. Ke3 Kg6 54. Kf4 Be6 55. Ke4 Bc4 56. Bf2 Be2 57. Be1 Bc4 58. Bc3 Bb3 59. Kf4 1/2-1/2

[Event "FIDE WSTC Open 50 2025"]
[Site "Prague"]
[Date "2025.02.26"]
[Round "9.18"]
[White "Svenn, Gosta"]
[Black "Dahl, Fredrik A"]
[Result "1/2-1/2"]
[Annotator "TA"]
[WhiteElo "2290"]
[BlackElo "2198"]
[PlyCount "58"]
[EventDate "2025.02.17"]
[EventType "team-tourn"]
[EventCountry "CZE"]
[SourceTitle "playchess.com"]
[Source "ChessBase"]
[SourceQuality "1"]

1. Nc3 Nf6 2. d4 d5 3. Bf4 c5 4. e4 Nxe4 5. Nxe4 dxe4 6. dxc5 Qa5+ 7. c3 Qxc5 8. Qa4+ Nc6 9. Qxe4 g6 10. Bc4 Bg7 11. Qd5 Qxd5 12. Bxd5 e5 13. Be3 O-O 14. O-O-O Ne7 15. Bb3 h6 16. Nf3 b6 17. Rd6 Kh7 18. Rhd1 e4 19. Ne1 Bg4 20. R1d2 Be5 21. Rd7 Bxd7 22. Rxd7 Bf6 23. Nc2 Kg7 24. Nd4 Kg8 25. g4 Rfd8 26. Rb7 Rdb8 27. Rd7 Rd8 28. Rb7 Rdb8 29. Rd7 Kh8 1/2-1/2

[Event "FIDE WSTC Open 50 2025"]
[Site "Prague"]
[Date "2025.02.26"]
[Round "9.19"]
[White "Kirkebo, Carl Peter"]
[Black "Jaderberg, Bjorn"]
[Result "1/2-1/2"]
[Annotator "TA"]
[WhiteElo "2148"]
[BlackElo "2134"]
[PlyCount "27"]
[EventDate "2025.02.17"]
[EventType "team-tourn"]
[EventCountry "CZE"]
[SourceTitle "playchess.com"]
[Source "ChessBase"]
[SourceQuality "1"]

1. c4 f5 2. Nf3 Nf6 3. g3 d6 4. Bg2 e5 5. b4 Nbd7 6. Bb2 g6 7. O-O Bg7 8. Nc3 c6 9. d3 O-O 10. a4 a5 11. bxa5 Qxa5 12. Nd2 Nc5 13. Nb3 Nxb3 14. Qxb3 1/2-1/2

[Event "FIDE WSTC Open 50 2025"]
[Site "Prague"]
[Date "2025.02.26"]
[Round "9.20"]
[White "Wengholm, Anders"]
[Black "Berg, Anders Hoyer"]
[Result "1/2-1/2"]
[Annotator "TA"]
[WhiteElo "2132"]
[BlackElo "2073"]
[PlyCount "27"]
[EventDate "2025.02.17"]
[EventType "team-tourn"]
[EventCountry "CZE"]
[SourceTitle "playchess.com"]
[Source "ChessBase"]
[SourceQuality "1"]

1. d4 d5 2. c4 c6 3. Nf3 Nf6 4. cxd5 cxd5 5. Nc3 Nc6 6. Bf4 Bf5 7. e3 e6 8. Bd3 Bxd3 9. Qxd3 Bd6 10. Bxd6 Qxd6 11. O-O O-O 12. Rac1 Rac8 13. h3 h6 14. a3 1/2-1/2

[Event "FIDE WSTC Open 50 2025"]
[Site "Prague"]
[Date "2025.02.26"]
[Round "9.21"]
[White "Davies, Nigel R"]
[Black "Wang, Pin"]
[Result "1/2-1/2"]
[Annotator "TA"]
[WhiteElo "2294"]
[BlackElo "2389"]
[PlyCount "40"]
[EventDate "2025.02.17"]
[EventType "team-tourn"]
[EventCountry "CZE"]
[SourceTitle "playchess.com"]
[Source "ChessBase"]
[SourceQuality "1"]

1. Nf3 d5 2. g3 Nc6 3. d4 Bf5 4. Bg2 Nb4 5. Na3 e6 6. O-O Be7 7. c3 Nc6 8. Qa4 Nf6 9. Ne5 O-O 10. Nxc6 bxc6 11. Qxc6 Rb8 12. Qa4 h5 13. Nc2 h4 14. Nb4 h3 15. Bf3 Ne4 16. Bxe4 Bxe4 17. Nc6 Qd7 18. b3 Bd6 19. Nxb8 Qxa4 20. bxa4 Rxb8 1/2-1/2

[Event "FIDE WSTC Open 50 2025"]
[Site "Prague"]
[Date "2025.02.26"]
[Round "9.22"]
[White "Ning, Chunhong"]
[Black "Dishman, Stephen"]
[Result "0-1"]
[Annotator "TA"]
[WhiteElo "2257"]
[BlackElo "2273"]
[PlyCount "66"]
[EventDate "2025.02.17"]
[EventType "team-tourn"]
[EventCountry "CZE"]
[SourceTitle "playchess.com"]
[Source "ChessBase"]
[SourceQuality "1"]

1. e4 c6 2. d4 d5 3. Nc3 dxe4 4. Nxe4 Bf5 5. Ng3 Bg6 6. h4 h6 7. Nf3 Nd7 8. h5 Bh7 9. Bd3 Bxd3 10. Qxd3 e6 11. Bf4 Qa5+ 12. Bd2 Bb4 13. c3 Be7 14. c4 Qc7 15. O-O-O Ngf6 16. Kb1 O-O 17. Qe2 a5 18. Rh3 b5 19. cxb5 cxb5 20. Qxb5 Rfb8 21. Qd3 Qb7 22. Bc1 Nd5 23. Ne2 N7f6 24. Ne5 a4 25. g4 Ra5 26. Qc2 Nb4 27. Qd2 Ne4 28. Qf4 Bg5 29. Qf3 Bxc1 30. Nxc1 Nxa2 31. Qa3 Rb5 32. Nc4 Nxf2 33. Nxa2 Nxd1 0-1

[Event "FIDE WSTC Open 50 2025"]
[Site "Prague"]
[Date "2025.02.26"]
[Round "9.23"]
[White "Josse, Mark"]
[Black "Liang, Zhihua"]
[Result "1/2-1/2"]
[Annotator "TA"]
[WhiteElo "2139"]
[BlackElo "2205"]
[PlyCount "101"]
[EventDate "2025.02.17"]
[EventType "team-tourn"]
[EventCountry "CZE"]
[SourceTitle "playchess.com"]
[Source "ChessBase"]
[SourceQuality "1"]

1. e4 c5 2. Nc3 g6 3. d4 e6 4. Nf3 a6 5. Be3 Qc7 6. a4 d6 7. Qd2 Bg7 8. Be2 Ne7 9. Rd1 O-O 10. Bh6 Nd7 11. h4 f6 12. dxc5 Bxh6 13. Qxh6 dxc5 14. Qd2 Ne5 15. Nxe5 Qxe5 16. f4 Qc7 17. Qd6 Qxd6 18. Rxd6 Nc6 19. Bc4 Kf7 20. Rd2 Ke7 21. Kf2 Bd7 22. Rhd1 Rad8 23. g3 Nd4 24. b3 Bc6 25. a5 Rd7 26. Bd3 Rfd8 27. Ke3 Rd6 28. Nb1 Bb5 29. Na3 Bxd3 30. Rxd3 R6d7 31. Kf2 Nc6 32. Rxd7+ Rxd7 33. Rxd7+ Kxd7 34. Nc4 Nd4 35. Na3 Kc6 36. Ke3 Nb5 37. Nc4 Nd4 38. Na3 Nb5 39. Nc4 Nc7 40. Kd3 Ne8 41. g4 Ng7 42. g5 Nh5 43. Ke3 Kb5 44. c3 Kc6 45. Kf3 fxg5 46. hxg5 Ng7 47. Ne5+ Kb5 48. Nc4 Kc6 49. Ne5+ Kb5 50. Nc4 Kc6 51. Ne5+ 1/2-1/2

[Event "FIDE WSTC Open 50 2025"]
[Site "Prague"]
[Date "2025.02.26"]
[Round "9.24"]
[White "Liu, Shilan"]
[Black "Frostick, Clive A"]
[Result "0-1"]
[Annotator "TA"]
[WhiteElo "2093"]
[BlackElo "2105"]
[PlyCount "114"]
[EventDate "2025.02.17"]
[EventType "team-tourn"]
[EventCountry "CZE"]
[SourceTitle "playchess.com"]
[Source "ChessBase"]
[SourceQuality "1"]

1. e4 c5 2. Nf3 e6 3. d4 cxd4 4. Nxd4 Nf6 5. Nc3 Nc6 6. Be2 Be7 7. O-O O-O 8. Be3 d5 9. exd5 exd5 10. a3 Be6 11. Re1 Qd7 12. Bb5 Rad8 13. Nxe6 fxe6 14. Bxa7 d4 15. Ne4 Qd5 16. c4 dxc3 17. Nxc3 Qxd1 18. Raxd1 Nxa7 19. Bc4 Kh8 20. Bxe6 Rxd1 21. Nxd1 Nc6 22. b4 Bd6 23. Ne3 Nd4 24. Ba2 Rd8 25. Kf1 g6 26. Nc4 Bc7 27. h3 Nd5 28. Ne5 Bxe5 29. Rxe5 Nc3 30. Bc4 Nc2 31. g4 Nxa3 32. Bb3 Nab5 33. Rc5 b6 34. Rc6 Rd6 35. Rc8+ Kg7 36. g5 h6 37. h4 hxg5 38. hxg5 Ne4 39. Ba4 Nd4 40. Rc7+ Kf8 41. f4 b5 42. Bd1 Ne6 43. Rc8+ Ke7 44. Bg4 Nxf4 45. Rc7+ Ke8 46. Rc8+ Rd8 47. Rc1 Rd2 48. Re1 Rf2+ 49. Kg1 Rg2+ 50. Kf1 Rxg4 51. Rxe4+ Kf7 52. Re5 Nd3 53. Rxb5 Rxb4 54. Ra5 Ke6 55. Kg2 Ne5 56. Kh3 Kf5 57. Rc5 Re4 0-1

[Event "FIDE WSTC Open 50 2025"]
[Site "Prague"]
[Date "2025.02.26"]
[Round "9.25"]
[White "Lesiege, Alexandre"]
[Black "Plotkin, Victor"]
[Result "1/2-1/2"]
[Annotator "TA"]
[WhiteElo "2504"]
[BlackElo "2259"]
[PlyCount "27"]
[EventDate "2025.02.17"]
[EventType "team-tourn"]
[EventCountry "CZE"]
[SourceTitle "playchess.com"]
[Source "ChessBase"]
[SourceQuality "1"]

1. e4 e5 2. Nf3 Nc6 3. Bb5 a6 4. Ba4 Nf6 5. d3 b5 6. Bb3 Bc5 7. O-O d6 8. c3 O-O 9. a4 Ba7 10. Bg5 h6 11. Bxf6 Qxf6 12. Bd5 Bd7 13. Nbd2 Bb6 14. c4 1/2-1/2

[Event "FIDE WSTC Open 50 2025"]
[Site "Prague"]
[Date "2025.02.26"]
[Round "9.26"]
[White "Cummings, David H."]
[Black "Duong, Thanh Nha"]
[Result "1-0"]
[Annotator "TA"]
[WhiteElo "2255"]
[BlackElo "2168"]
[PlyCount "109"]
[EventDate "2025.02.17"]
[EventType "team-tourn"]
[EventCountry "CZE"]
[SourceTitle "playchess.com"]
[Source "ChessBase"]
[SourceQuality "1"]

1. c4 e5 2. Nc3 Nf6 3. Nf3 Nc6 4. g3 Bb4 5. Nd5 e4 6. Nh4 O-O 7. Bg2 Re8 8. O-O d6 9. Nxb4 Nxb4 10. a3 Nc6 11. d3 exd3 12. Qxd3 Be6 13. b3 d5 14. c5 Qe7 15. b4 Ne5 16. Qc2 Nc4 17. Nf3 a5 18. Bb2 Ne4 19. Nd4 Qf6 20. Nxe6 Qxe6 21. Bd4 Ned2 22. Rfe1 c6 23. Qc3 f6 24. Qd3 Ne4 25. h4 Ne5 26. Qc2 Qf5 27. Qb3 Nc4 28. Qd3 Ne5 29. Qb3 Re7 30. b5 Nc4 31. bxc6 bxc6 32. Qd3 Ne5 33. Qb3 Ree8 34. Bxe4 Qxe4 35. Bxe5 Qxe5 36. Qb6 Qe6 37. Rab1 Re7 38. Rb3 Qc8 39. Rb2 Qe6 40. Reb1 Kf7 41. Qb3 Qg4 42. Qd3 f5 43. Rb7 Rae8 44. R1b6 Rxb7 45. Rxb7+ Kf6 46. Qc3+ d4 47. Qxa5 Rxe2 48. Qc7 Re1+ 49. Kh2 Re6 50. Qf7+ Ke5 51. f4+ Kd5 52. Rd7+ Kxc5 53. Qxe6 Qd1 54. Qd6+ Kc4 55. Qb4+ 1-0

[Event "FIDE WSTC Open 50 2025"]
[Site "Prague"]
[Date "2025.02.26"]
[Round "9.27"]
[White "Berube, Richard"]
[Black "Barron, Michael"]
[Result "1/2-1/2"]
[Annotator "TA"]
[WhiteElo "2121"]
[BlackElo "2049"]
[PlyCount "33"]
[EventDate "2025.02.17"]
[EventType "team-tourn"]
[EventCountry "CZE"]
[SourceTitle "playchess.com"]
[Source "ChessBase"]
[SourceQuality "1"]

1. Nf3 f5 2. d3 d6 3. e4 e5 4. Nc3 c5 5. g3 Nc6 6. Bg2 Nf6 7. O-O Be7 8. Bg5 O-O 9. Qd2 Nd4 10. Bxf6 Rxf6 11. Nd5 Nxf3+ 12. Bxf3 Rh6 13. exf5 Bxf5 14. Nxe7+ Qxe7 15. Bd5+ Be6 16. Bxe6+ Qxe6 17. f4 1/2-1/2

[Event "FIDE WSTC Open 50 2025"]
[Site "Prague"]
[Date "2025.02.26"]
[Round "9.29"]
[White "Sikorova, Olga"]
[Black "Polak, Tomas"]
[Result "1/2-1/2"]
[Annotator "TA"]
[WhiteElo "2134"]
[BlackElo "2463"]
[PlyCount "46"]
[EventDate "2025.02.17"]
[EventType "team-tourn"]
[EventCountry "CZE"]
[SourceTitle "playchess.com"]
[Source "ChessBase"]
[SourceQuality "1"]

1. Nf3 Nf6 2. g3 b6 3. Bg2 Bb7 4. O-O e6 5. c4 Be7 6. b3 d5 7. Bb2 O-O 8. e3 c5 9. Nc3 Nbd7 10. d3 Qc7 11. Qe2 Rad8 12. Rad1 Qb8 13. Ne1 a6 14. f4 dxc4 15. dxc4 Bxg2 16. Kxg2 Qa8+ 17. Nf3 Ne4 18. Nxe4 Qxe4 19. Rd3 Nb8 20. Rfd1 Nc6 21. Kf2 f6 22. Bc3 h5 23. Ne1 g6 1/2-1/2

[Event "FIDE WSTC Open 50 2025"]
[Site "Prague"]
[Date "2025.02.26"]
[Round "9.30"]
[White "Obsivac, Josef"]
[Black "Folkova, Martina"]
[Result "1-0"]
[Annotator "TA"]
[WhiteElo "2262"]
[BlackElo "2031"]
[PlyCount "75"]
[EventDate "2025.02.17"]
[EventType "team-tourn"]
[EventCountry "CZE"]
[SourceTitle "playchess.com"]
[Source "ChessBase"]
[SourceQuality "1"]

1. d4 d5 2. c4 e6 3. Nc3 c6 4. Nf3 Nf6 5. Bg5 h6 6. Bh4 Be7 7. e3 O-O 8. Qc2 Nbd7 9. Rd1 b6 10. Bd3 Bb7 11. O-O Nh5 12. Bxe7 Qxe7 13. cxd5 cxd5 14. Rc1 Nhf6 15. Qe2 a6 16. Rc2 Ne4 17. Rfc1 Qd6 18. Nd2 f5 19. f3 Nxd2 20. Qxd2 e5 21. dxe5 Qxe5 22. f4 Qd6 23. Ne2 Nc5 24. Nd4 g6 25. a3 Rf7 26. b4 Ne6 27. Rc6 Bxc6 28. Rxc6 Qd7 29. Rxe6 Kh7 30. Rxb6 a5 31. bxa5 Qa4 32. a6 Qxa3 33. h3 Rc8 34. Rc6 Qa1+ 35. Kh2 Rb8 36. Bb5 h5 37. Qc3 Qa2 38. Rc7 1-0

[Event "FIDE WSTC Open 50 2025"]
[Site "Prague"]
[Date "2025.02.26"]
[Round "9.31"]
[White "Kubikova, Hana"]
[Black "Holemar, David"]
[Result "1/2-1/2"]
[Annotator "TA"]
[WhiteElo "2070"]
[BlackElo "2150"]
[PlyCount "41"]
[EventDate "2025.02.17"]
[EventType "team-tourn"]
[EventCountry "CZE"]
[SourceTitle "playchess.com"]
[Source "ChessBase"]
[SourceQuality "1"]

1. d4 Nf6 2. Nf3 e6 3. c4 c5 4. Nc3 cxd4 5. Nxd4 d5 6. cxd5 Nxd5 7. e4 Nxc3 8. bxc3 e5 9. Bb5+ Bd7 10. Bxd7+ Qxd7 11. Nf5 Qxd1+ 12. Kxd1 Nd7 13. f3 Nb6 14. Ke2 g6 15. Ne3 Rc8 16. Bd2 Bh6 17. Rab1 Bxe3 18. Bxe3 Rxc3 19. Bxb6 axb6 20. Rhd1 Ra3 21. Rxb6 1/2-1/2

[Event "FIDE WSTC Open 50 2025"]
[Site "Prague"]
[Date "2025.02.26"]
[Round "9.32"]
[White "Skacelik, Petr"]
[Black "Svobodova, Michaela"]
[Result "1-0"]
[Annotator "TA"]
[WhiteElo "2132"]
[BlackElo "2048"]
[PlyCount "69"]
[EventDate "2025.02.17"]
[EventType "team-tourn"]
[EventCountry "CZE"]
[SourceTitle "playchess.com"]
[Source "ChessBase"]
[SourceQuality "1"]

1. d4 d5 2. c4 c6 3. cxd5 cxd5 4. Nc3 Nf6 5. Bf4 Nc6 6. e3 a6 7. Rc1 Bf5 8. Bd3 Bxd3 9. Qxd3 e6 10. Nf3 Bd6 11. Bxd6 Qxd6 12. O-O O-O 13. a3 b5 14. a4 b4 15. Nb1 Ne4 16. Nbd2 f5 17. Nb3 g5 18. Nfd2 Ne7 19. f3 Nf6 20. Rc2 Rac8 21. Rfc1 Rxc2 22. Rxc2 f4 23. e4 dxe4 24. fxe4 Ng4 25. Nc4 Qd8 26. h3 Nf6 27. Nc5 Kf7 28. Ne5+ Kg8 29. Nxe6 Qa8 30. Nxf8 Kxf8 31. Qc4 Qe8 32. Qe6 Nxe4 33. Rc7 Ng3 34. Qf6+ Kg8 35. Rxe7 1-0

[Event "FIDE WSTC Open 50 2025"]
[Site "Prague"]
[Date "2025.02.26"]
[Round "9.34"]
[White "Jaksland, Tim"]
[Black "Burnett, Andrew"]
[Result "1/2-1/2"]
[Annotator "TA"]
[WhiteElo "2143"]
[BlackElo "2147"]
[PlyCount "53"]
[EventDate "2025.02.17"]
[EventType "team-tourn"]
[EventCountry "CZE"]
[SourceTitle "playchess.com"]
[Source "ChessBase"]
[SourceQuality "1"]

1. e4 c5 2. c3 d5 3. exd5 Qxd5 4. d4 Nc6 5. Nf3 Bf5 6. Be2 cxd4 7. cxd4 Bxb1 8. Rxb1 e6 9. O-O Nf6 10. b4 Bd6 11. b5 Ne7 12. Rb3 O-O 13. Bb2 Rfd8 14. Ne5 Bxe5 15. dxe5 Qxd1 16. Rxd1 Rxd1+ 17. Bxd1 Nfd5 18. g3 Kf8 19. Kf1 Ke8 20. Ke1 Kd7 21. Rd3 Ke8 22. Bb3 Rc8 23. Kd2 Nb6 24. Rc3 Rd8+ 25. Rd3 Rc8 26. Rc3 Rd8+ 27. Rd3 1/2-1/2

[Event "FIDE WSTC Open 50 2025"]
[Site "Prague"]
[Date "2025.02.26"]
[Round "9.35"]
[White "Mitchell, Martin"]
[Black "Nordenbaek, Jan"]
[Result "1/2-1/2"]
[Annotator "TA"]
[WhiteElo "2143"]
[BlackElo "2192"]
[PlyCount "39"]
[EventDate "2025.02.17"]
[EventType "team-tourn"]
[EventCountry "CZE"]
[SourceTitle "playchess.com"]
[Source "ChessBase"]
[SourceQuality "1"]

1. d4 d5 2. c4 e6 3. Nc3 Bb4 4. cxd5 exd5 5. Bf4 Nf6 6. e3 O-O 7. Bd3 c5 8. dxc5 Nc6 9. Bd6 Re8 10. a3 Bxc3+ 11. bxc3 Bg4 12. Qc2 Ne4 13. Bf4 Bh5 14. Ne2 Bg6 15. O-O Nxc5 16. Bxg6 hxg6 17. c4 d4 18. exd4 Nxd4 19. Nxd4 Qxd4 20. Be3 1/2-1/2

[Event "FIDE WSTC Open 50 2025"]
[Site "Prague"]
[Date "2025.02.26"]
[Round "9.37"]
[White "Klimaszewski, Dariusz"]
[Black "Haba, Petr"]
[Result "0-1"]
[Annotator "TA"]
[WhiteElo "2152"]
[BlackElo "2442"]
[PlyCount "146"]
[EventDate "2025.02.17"]
[EventType "team-tourn"]
[EventCountry "CZE"]
[SourceTitle "playchess.com"]
[Source "ChessBase"]
[SourceQuality "1"]

1. e4 e5 2. Nf3 Nc6 3. d4 exd4 4. Nxd4 Bc5 5. Nb3 Bb6 6. Qe2 Qf6 7. Nc3 Nge7 8. Be3 d6 9. O-O-O Bd7 10. Kb1 O-O-O 11. f4 h5 12. Qd2 Bg4 13. Be2 Qg6 14. f5 Bxe3 15. Qxe3 Qh6 16. Qf2 Bxe2 17. Qxe2 Rhe8 18. Qf2 Kb8 19. g3 a6 20. Rhe1 Ng8 21. Nd4 Nxd4 22. Qxd4 Qf6 23. Qc4 c6 24. Qe2 g6 25. fxg6 fxg6 26. Rf1 Qe7 27. Qd2 Nf6 28. Qg5 Nxe4 29. Qxg6 Nxc3+ 30. bxc3 Qe2 31. Qd3 Qxh2 32. Rh1 Qf2 33. Rxh5 Qb6+ 34. Ka1 Re3 35. Qd4 Qxd4 36. cxd4 Rxg3 37. Rh7 Rdg8 38. Re1 R8g5 39. Rb1 Rb5 40. Rb3 Rg1+ 41. Kb2 Rd1 42. Kc3 Ka7 43. Rd7 d5 44. a4 Rxb3+ 45. cxb3 a5 46. Rh7 Ka6 47. Rc7 Rh1 48. Rd7 Kb6 49. Rf7 Rh3+ 50. Kc2 Rh6 51. Kc3 Rd6 52. Rh7 Ka6 53. Rc7 Rd8 54. Kc2 Ka7 55. Rh7 Kb8 56. Kc3 Kc8 57. Rg7 Rd7 58. Rg8+ Kc7 59. Ra8 b6 60. Rh8 Kb7 61. Rh5 c5 62. Rg5 Kc6 63. Rh5 Rd6 64. Rh8 Rg6 65. Rh3 cxd4+ 66. Kxd4 Rg4+ 67. Kc3 Kc5 68. Rh5 Re4 69. Rg5 Re3+ 70. Kc2 Kb4 71. Rg4+ Ka3 72. Rd4 Rxb3 73. Rxd5 Kxa4 0-1